000 00839cam a22002773a 4500
001 17841
003 PGUSA
005 20140828083359.0
008 060223s2006||||xxu|||||s|||||000 1 eng d
040 _aPGUSA
_beng
042 _adc
050 4 _aPS
100 1 _aMarshall, Edward,
_d1870-1933
245 1 4 _aThe Old Flute-Player :
_bA Romance of To-day
_h[electronic resource] /
_cEdward Marshall
260 _bProject Gutenberg,
_c2006
506 _aPublic domain in the USA.
516 _aElectronic text
653 _aImmigrants -- Fiction
653 _aMusicians -- Fiction
653 _aFathers and daughters -- Fiction
700 1 _aRowe, Clarence H.
_q(Clarence Herbert),
_d1878-1930
700 1 _aHare, J. Knowles
830 0 _aProject Gutenberg
_v17841
856 4 0 _uhttp://www.gutenberg.org/ebooks/17841
942 _cEB
999 _c247096
_d247096